00658cam a22001817a 450000500170000000800410001701000100005801100100006803500100007810000360008824501610012426000400028530000100032550200850033565000090042065000150042965000320044420251107125754.0971010s1989 r 00010 d a63102 a64074 a6915010aZarco Hernández, Jorge Arturo 0aVariabilidad entre parámetros asociados con la calidad panadera del triticaleb: interrelaciones y diferencias entre triticales completos y substituídos aChapingo, Méx. :bEl autor,c1989 a97 h. aTesis (Ing. Agroindustrial) -- UACH. Departamento de Ingeniería Agroindustrial14aPan.14aTriticale.14aTriticalexValor nutritivo.